000 00220nam a2200097Ia 4500
005 20251222141828.0
008 251222s9999||||xx |||||||||||||| ||spa||
082 _a709.45/M98
245 0 _aArtisti Italiani Oggi
942 _cLIB
999 _c7017
_d7017